Caricamento...
Arupathu kavithakal
| Autore principale: | |
|---|---|
| Natura: | Printed Book |
| Lingua: | Malayalam |
| Pubblicazione: |
Current Books, Thrissur
Current Books
1992
|
| LEADER | 00467nam a2200121Ia 4500 | ||
|---|---|---|---|
| 008 | 111205s9999 xx 000 0 mal d | ||
| 100 | |a Karathavu ,K.S.P. | ||
| 245 | |a Arupathu kavithakal |c Karathavu ,K.S.P. | ||
| 260 | |b Current Books |a Current Books, Thrissur |c 1992 | ||
| 300 | |a 143 | ||
| 942 | |c BK | ||
| 999 | |c 206119 |d 206119 | ||
| 952 | |0 0 |1 0 |2 ddc |4 0 |6 851_000000000000000_85K15_ARU |7 0 |9 227940 |a MAL |b MAL |c ST1 |d 1984-03-28 |g 25.00 |l 0 |o 851.85K15 ARU |p MAL22719 |r 2011-12-05 |v 25.00 |w 2011-12-05 |y BK | ||